Statistics for Countries of the World with an Empty Map Five Minute Sprint

Click here to take the quiz!

General Stats

  • This quiz has been taken 570 times
  • The average score is 142 of 196

Answers on the Map

Answers color-coded by a green-red scale on the quiz's map according to % correct below.
 

Answer Stats

country% Correct
Canada
96%
Brazil
94%
United States
94%
Colombia
92%
France
92%
Germany
92%
Mexico
92%
United Kingdom
92%
Argentina
90%
Ireland
90%
Peru
90%
Australia
89%
Bolivia
89%
Chile
89%
Finland
89%
Paraguay
89%
Spain
89%
India
88%
Italy
88%
Panama
88%
China
87%
Ecuador
87%
Honduras
87%
Norway
87%
Portugal
87%
Russia
87%
Sweden
87%
Austria
86%
Cuba
85%
Denmark
85%
Guatemala
85%
Iceland
85%
Iraq
85%
Japan
85%
Mongolia
85%
Nicaragua
85%
Poland
85%
Turkey
85%
Ukraine
85%
Venezuela
85%
Costa Rica
84%
Greece
84%
Iran
84%
Egypt
83%
Guyana
83%
Haiti
83%
Belarus
82%
Belize
82%
El Salvador
82%
Pakistan
82%
Saudi Arabia
82%
Uruguay
82%
Suriname
81%
Belgium
80%
Chad
80%
Congo
80%
Croatia
80%
Czechia
80%
Dem Rep Congo
80%
Dominican Republic
80%
Hungary
80%
Indonesia
80%
Israel
80%
Serbia
80%
Slovakia
80%
South Korea
80%
Algeria
79%
Jamaica
79%
Libya
79%
Netherlands
79%
Afghanistan
78%
Estonia
78%
Lithuania
78%
Mali
78%
Oman
78%
Romania
78%
Bahamas
77%
Dominica
77%
Jordan
77%
Kazakhstan
77%
Latvia
77%
Luxembourg
77%
Niger
77%
Switzerland
77%
Syria
77%
Yemen
77%
Andorra
76%
Nepal
76%
Bosnia and Herzegovina
75%
Bulgaria
75%
Morocco
75%
New Zealand
75%
Slovenia
75%
South Africa
75%
United Arab Emirates
75%
Nigeria
74%
Thailand
74%
Bhutan
73%
Kuwait
73%
Monaco
73%
Myanmar
73%
North Korea
73%
Sudan
73%
Tunisia
73%
Cambodia
72%
Malaysia
72%
Vatican City
72%
Bangladesh
71%
Central African Republic
71%
Ethiopia
71%
Laos
71%
Lebanon
71%
Albania
70%
Angola
70%
Antigua and Barbuda
70%
Kosovo
70%
Qatar
70%
San Marino
70%
Sri Lanka
70%
Vietnam
70%
Armenia
69%
Cyprus
69%
Moldova
69%
Philippines
69%
St Kitts and Nevis
69%
Bahrain
68%
Georgia
68%
Kenya
68%
Liechtenstein
68%
St Vincent and Grenadines
68%
Barbados
67%
Malta
67%
St Lucia
67%
Fiji
65%
Grenada
65%
Somalia
65%
South Sudan
65%
Taiwan
65%
Trinidad and Tobago
65%
Azerbaijan
64%
Kyrgyzstan
64%
Mauritania
64%
Montenegro
64%
Togo
64%
Uzbekistan
64%
Benin
63%
Cameroon
63%
Ghana
63%
Singapore
63%
Turkmenistan
63%
Guinea
62%
Madagascar
62%
Tajikistan
62%
Brunei
61%
Namibia
61%
Nauru
61%
Rwanda
61%
Tanzania
61%
Botswana
60%
Eritrea
60%
Gambia
60%
Maldives
60%
Senegal
60%
Malawi
59%
Samoa
58%
Uganda
58%
Zambia
58%
Djibouti
57%
Palau
57%
Burundi
56%
Kiribati
56%
Lesotho
56%
Tonga
56%
Zimbabwe
56%
Gabon
55%
Vanuatu
55%
Eswatini
54%
Mauritius
54%
Mozambique
54%
North Macedonia
54%
Seychelles
54%
Tuvalu
54%
Comoros
52%
Guinea-Bissau
52%
Papua New Guinea
52%
Burkina Faso
51%
Liberia
51%
Cabo Verde
50%
Côte d'Ivoire
50%
Micronesia
50%
Timor-Leste
50%
Marshall Islands
49%
São Tomé and Príncipe
49%
Sierra Leone
47%
Solomon Islands
46%
Equatorial Guinea
39%

Score Distribution

Percentile by Number Answered

Percent of People with Each Score

Your Score History

You have not taken this quiz